Cuentos completos / (Record no. 39125)
[ view plain ]
| 000 -CABECERA | |
|---|---|
| campo de control de longitud fija | 00792nam a2200181 a 4500 |
| 001 - NÚMERO DE CONTROL | |
| campo de control | 000039635 |
| 005 - FECHA Y HORA DE LA ÚLTIMA TRANSACCIÓN | |
| campo de control | 20201002033642.0 |
| 008 - DATOS DE LONGITUD FIJA--INFORMACIÓN GENERAL | |
| campo de control de longitud fija | 130712s2009 uy 000 0 spa d |
| 020 ## - NÚMERO INTERNACIONAL ESTÁNDAR DEL LIBRO | |
| Número Internacional Estándar del Libro | 9789974550636 |
| 040 ## - FUENTE DE LA CATALOGACIÓN | |
| Centro catalogador/agencia de origen | DO-SdBNP |
| Lengua de catalogación | spa |
| Centro/agencia transcriptor | BNPHU |
| 082 ## - NÚMERO DE LA CLASIFICACIÓN DECIMAL DEWEY | |
| Número de clasificación | xxx |
| 100 1# - ENTRADA PRINCIPAL--NOMBRE DE PERSONA | |
| Nombre de persona | Morosoli, Juan José, |
| Fechas asociadas al nombre | 1899-1957 |
| 9 (RLIN) | 65816 |
| 245 10 - MENCIÓN DE TÍTULO | |
| Título | Cuentos completos / |
| Mención de responsabilidad, etc. | Juan José Morosoli ; edicion Heber Raviolo. |
| 260 ## - PUBLICACIÓN, DISTRIBUCIÓN, ETC. | |
| Lugar de publicación, distribución, etc. | Montevideo, Uruguay : |
| Nombre del editor, distribuidor, etc. | Biblioteca Nacional, |
| -- | Ediciones de la Banda Oriental, |
| Fecha de publicación, distribución, etc. | 2009. |
| 300 ## - DESCRIPCIÓN FÍSICA | |
| Extensión | 624 p. ; |
| Dimensiones | 23 cm. |
| 505 0# - NOTA DE CONTENIDO CON FORMATO | |
| Título | Hombre -- |
| -- | Los albañiles de los "Tapes" -- |
| -- | Hombre y mujeres -- |
| -- | Vivientes -- |
| -- | Tierra y tiempo -- |
| -- | El viaje hacia el mar -- |
| -- | Otros cuentos no recogidos en libro por el autor -- |
| -- | Relatos para niños -- |
| Información miscelánea | Vocabulario |
| 700 1# - PUNTO DE ACCESO ADICIONAL--NOMBRE DE PERSONA | |
| Nombre de persona | Raviolo, Heber, |
| Término indicativo de función/relación | ed. |
| 9 (RLIN) | 65817 |
| Estado de retiro | Estado de pérdida | Restricciones de uso | No para préstamo | Código de colección | Localización permanente | Ubicación/localización actual | Ubicación en estantería | Fecha de adquisición | Número de inventario | Total de préstamos | Signatura topográfica completa | Código de barras | Fecha visto por última vez | Precio válido a partir de | Tipo de ítem Koha |
|---|---|---|---|---|---|---|---|---|---|---|---|---|---|---|---|
| Excluido de préstamo | Monografías: Libros y Folletos | General | General | En catalogación | 12.07.2013 | LF1 | xxx | 39635-10 | 25.06.2020 | 25.06.2020 | No se presta |
